Word Ladder: You Never Know Quiz Stats

Quiz Updated Nov 1, 2015

Challenge
Share
Tweet
Embed
Score 0/18 Timer 02:00
2 Plays Today
Clue 3-Letter Word % Correct
●YES●
91.1%
Adam Ant song 'Friend or __'FOE
91%
Use a bladed garden toolHOE
88.9%
'The Hills Have Eyes' director CravenWES
87.5%
Tiny, itty-bitty●WEE●
86.8%
Perceive via the eyes●SEE●
86%
Joint near the waistHIP
83.6%
Institute legal proceedings against someoneSUE
82.9%
Hurry or rush●HIE●
76.1%
Clue 3-Letter Word % Correct
Quick, high-pitched 'woof'YIP
75.7%
Eat a light evening mealSUP
72.2%
●YUP●
69.4%
European conifer ('Taxus baccata')YEW
63.8%
●FOR●
57.1%
Aircraft attitude: roll, pitch & ___●YAW●
56.1%
French dept. Côte-___ ('Golden Slope')D'OR
43.5%
The 'D' in DJIADOW
40.6%
Grackle●DAW●
40.2%

Today's Daily Dose

Missing Word
Law Misconceptions

Word Ladder
Easy Math

On This Day
January 20th

You're not logged in!

Compare scores with friends on all Sporcle quizzes.
Sign Up with Email
OR
Log In

You Might Also Like...

Show Comments

Extras

Top Quizzes Today


Score Distribution

Your Account Isn't Verified!

In order to create a playlist on Sporcle, you need to verify the email address you used during registration. Go to your Sporcle Settings to finish the process.